| 000 | 00380nam a2200145Ia 4500 | ||
|---|---|---|---|
| 005 | 20251222153550.0 | ||
| 008 | 251222s9999||||xx |||||||||||||| ||spa|| | ||
| 020 | _a9786124049057 | ||
| 082 | _a342.806.62/B26 | ||
| 100 | _aBasterra, Marcela | ||
| 245 | 0 | _aEl Derecho de Acceso a la Información Pública en Iberoamérica | |
| 250 | _a1ra. ed. | ||
| 264 | _bAdrus | ||
| 942 | _cLIB | ||
| 999 |
_c30811 _d30811 |
||